| 000 | 01284nam1a22003611 4500 | ||
|---|---|---|---|
| 001 | v19\rc\1926606 | ||
| 005 | 20251118180823.6 | ||
| 035 | _a(NLR Aleph) 005025237 | ||
| 090 |
_a6632134 _c6632134 |
||
| 100 | _a20080404d1912 u y0rusy50 ca | ||
| 101 | 1 |
_arus _ceng |
|
| 102 | _aRU | ||
| 105 | _a z ||||| | ||
| 200 | 1 |
_aПолное собрание сочинений капитана Марриэта _eКн. [1]-24 |
|
| 210 |
_a[Санкт-Петербург] _cП.П. Сойкин _d[1912] |
||
| 215 |
_a24 т. _d20 |
||
| 311 | _aБеспл. прил. к журн. "Природа и люди" за 1912 г. | ||
| 422 | 0 |
_12001#$aПрирода и люди$v1912 _tПрирода и люди |
|
| 700 | 1 |
_6z05790 _aМарриет _bФ. _f1792-1848 _gФредерик |
|
| 790 | 1 |
_6z05700 _aМарриэт _bФ. _f1792-1848 _gФредерик |
|
| 801 | 0 |
_aRU _bNLR _gpsbo |
|
| 801 | 0 |
_aRU _bRuMoRGB _2psbo |
|
| 801 | 1 |
_aRU _bProSoft-M _2rusmarc |
|
| 852 |
_aNLR _j+Шифры разные |
||
| 852 |
_aNLR _j38.42.4.46 |
||
| 899 |
_aНБ СПбГУ _y(1) |
||
| 899 |
_aRuMoRGB _jR 7/834 |
||
| 899 |
_aRuMoRGB _jU 69/423 (1-3, 4-6, 9, 13-21) |
||
| 899 |
_aRuMoRGB _jF 114/275 |
||
| 899 |
_aRuMoRGB _jU 249/179 |
||
| 899 |
_aБАН _y(3-6, 9, 10, 16-20) |
||
| 942 | _cBOOK | ||
| 980 | _aNB | ||